| 000 | 00446 a2200145 4500 | ||
|---|---|---|---|
| 041 | _aEng | ||
| 082 |
_a301.072 _bM242u |
||
| 100 | _aMacqueen, Donald R. | ||
| 245 | _aUnderstanding sociology through research. | ||
| 260 |
_aReading, Mass.: _bAddison-Wesley, _c1973 |
||
| 300 | _axix, 539p. illus., map. | ||
| 650 |
_aSocialization _aSocial control _aInnovations _aCommunity _aOrganizations |
||
| 653 | _aSociology & anthropology | ||
| 942 |
_2ddc _cGEN |
||
| 999 |
_c66675 _d66661 |
||